000 00881nam a2200289 a 4500
001 000012180
003 DO-SdBNP
005 20180314112621.0
007 000012180
008 091106s1993 dr 001 f spa d
020 _a8484000036
040 _aBPMSU
_bspa
_cBPMSU
092 _aRD863.3
_bG182e, 1998
100 1 _aGalván, Manuel de Jesús,
_d1834-1910
245 1 0 _aEnriquillo : selección de textos /
_cManuel de Jesús Galván
260 _aSanto Domingo :
_bTaller,
_c1998
300 _a182 p.
_c21 cm.
490 1 _aBiblioteca Taller
_v97
500 _aEdición escolar
650 4 _aNOVELA HISTÓRICA DOMINICANA
650 4 _aLITERATURA DOMINICANA
830 0 _aBiblioteca Taller
_n97
910 _aValidado. Control de calidad BNPHU.
942 _2ddc
_cBK
945 _aRemanejado para la BNPHU, 2018 / BT
956 _aVMATEO
_b10
_c20151002
_lBPMSU
_h0069
999 _c7215
_d7215